000 00779nam a2200241 i 4500
001 105899
003 ES-MaACL
007 t|
008 060911s1966 sp ||||1| spa d
080 _a316.343.644(460.35)"19"
080 _a338.1(460.35)
100 1 _aGómez del Castillo, Julián.
_957929
245 1 0 _aAndalucia... también es ésto /
_cJulián Gómez del Castillo.
260 _amadrid :
_bZyx,
_c1966.
300 _a112 p. ;
_c18 cm.
490 1 _aLee y discute. Serie roja ;
_v10
500 _aBiblioteca Juan Andrade.
650 1 4 _aCampesinado-
_zAndalucía-
_yS.XX.
_910709
651 4 _aAndalucía-
_xSituación económica.
_97773
830 0 _aLee y discute. Serie roja ;
_v10
_9182113
852 _aES-MaACL
_jAND-921
_bR.110209
999 _c105899
_d105899